| 000 | 00354cam a22001217a 4500 | ||
|---|---|---|---|
| 008 | 180718b1989 xxu||||| |||| 00| 0 eng d | ||
| 082 | _aF5x5421 N163 | ||
| 100 | _aNaqvi, S.Q.A. | ||
| 245 |
_aSocial change and political participation _cby S.Q.A. Naqvi |
||
| 260 |
_aDelhi _bCommonwealth _c1989 |
||
| 300 | _a342p. | ||
| 650 | _aU.P. - Politics and government | ||
| 999 |
_c349701 _d349701 |
||